000 nam a22 7a 4500
999 _c7865
_d7865
008 171103b xxu||||| |||| 00| 0 eng d
020 _a9788128505218
100 _aJoseph. S
_94338
245 _aEnglish Reading and composition skills
260 _aNew Delhi
_bJiwan Books International Ltd
_c2014